En el antiguo solio virreinal: film limeña

Enregistré dans:
Détails bibliographiques
Auteur principal: Schneider Labbé, Jorge (Auteur)
Format: Livre
Langue:espagnol
Publié: Santiago Zamorano y Caperán 1930
Édition:1a. ed
Sujets:
Tags: Ajouter un tag
Pas de tags, Soyez le premier à ajouter un tag!

MARC

LEADER 00000nam a2200000 a 4500
001 UCZ5970
003 CL-VaPUC
008 951130e19300000CL |||||||||||||||||spa|d
082 0 4 |a 985  |b SCH  |2 21 
100 0 |a Schneider Labbé, Jorge  |e author  |9 350184 
245 1 0 |a En el antiguo solio virreinal: film limeña 
250 |a 1a. ed 
300 |a 319 p 
942 |c BK 
945 |d 19951130 00:00:00  |a rleighto 
260 |a Santiago  |b Zamorano y Caperán  |c 1930 
500 |a Impresiones de un viajero post plebiscito de Tacna y Arica 
650 0 |a Historia de Perú  |9 316239 
650 0 |a Crónicas de viajes  |9 350185 
651 0 |a Perú  |9 256567 
651 7 |a LIMA  |2 CL-VaPUC  |9 350186 
583 |a last modification  |c 20170518 01:02:17  |k Rodrigo Vera 
999 |c 242239  |d 242237 
952 |0 0  |1 0  |4 0  |6 985_000000000000000_SCH_1930  |7 0  |8 A  |9 255055  |a BIBEDU  |b BIBEDU  |d 2019-11-19  |i 315081K  |o 985 SCH 1930  |p 315081K  |r 2019-11-19  |w 2019-11-19  |y BK  |k LIT 
952 |0 0  |1 0  |4 0  |6 985_000000000000000_SCH_1930  |7 0  |8 X  |9 255056  |a FDOBUD  |b FDOBUD  |d 2019-11-19  |i 1002902  |o 985 SCH 1930  |p 1002902  |r 2019-11-19  |w 2019-11-19  |y BK_X  |k BUD